000 00903nam a22001935i 4500
001 156730
003 ES-MaACL
005 20251014063225.0
008 040806s1841 fr |||| | fre d
040 _aCAM
_bspa
_cCAM
100 1 _aLa Nourais, Prosper-Alexis de,
_d1810-19..?
_9128522
245 1 2 _aL'Association des douanes allemander, son passé, son avenir
_b: oeuvre augmentée du tableau des tarifs comparés de l'association allemande et de ceux de douanes françaises et de trois cartes ... /
_cpar P.-A. de La Nourais et E. Bères.
260 _aParis :
_bPaulin libraire-éditeur,
_c1841 (
_fImprimerie de Schneider et Langrand)
300 _aIX, 211 p., [4] h. pleg., [3] h. pleg. de mapa ;
_c21 cm.
599 _aLas h. de mapa a color: "Lith. de L. Letronne"
650 4 _aAduanas-
_zAlemania.
_9135509
852 _aES-MaACL
_jC-3370
_z-- Enc. hol.
999 _c156730
_d156730